Prevádzka cestnej a mestskej dopravy a bezpečnosť práce základné učebné texty pre skúšky odbornej spôsobilosti dopravcov podľa zákona NR SR č. 168/1996 Z.z. o cestnej doprave v znení neskorších predpisov

Bibliographic Details
Main Author: Gnap, Jozef, 1962- (Author)
Format: Book
Language:Slovak
Published: V Žiline Žilinská univerzita 1998
Edition:dotlač 1. vyd.
Subjects:

MARC

LEADER 00000nam a2200000 a 4500
001 vtls001333311
003 SK-MaSNL
005 20260301160301.0
008 240509s1998 xo ba r 0yy slo
015 |a SNBA1998/10-03589 
020 |a 807100507X 
035 |a SNK000286231 
035 |a urn:nbn:sk:snk-amkhsd 
035 |a urn:nbn:sk:snk-am008gu5 
035 |a B1337E80-0A8D-4557-B291-87879D922745 
040 |a SNK  |b slo  |c SNK  |e AACR2 
041 0 |a slo 
044 |a xo  |c SK 
080 |a 656.1(075.8)  |2 1981 
100 1 |a Gnap, Jozef,  |d 1962-  |4 aut  |9 85524 
245 1 0 |a Prevádzka cestnej a mestskej dopravy a bezpečnosť práce  |b základné učebné texty pre skúšky odbornej spôsobilosti dopravcov podľa zákona NR SR č. 168/1996 Z.z. o cestnej doprave v znení neskorších predpisov  |c Jozef Gnap 
250 |a dotlač 1. vyd. 
260 |a V Žiline  |b Žilinská univerzita  |c 1998 
300 |a 161 s.  |b mp., sch., tab.  |c 21 cm 
500 |a Ilustr. na tit. strane 
500 |a 500 výt. 
504 |a Bibliogr. s. 160 
650 0 7 |a doprava cestná  |x prevádzka  |2 SNK  |9 521629 
650 0 7 |a doprava mestská  |x prevádzka  |2 SNK  |9 521630 
655 7 |a Textbooks (higher)  |2 SNKPHeng  |9 276436 
655 7 |a učebnice vysokých škôl  |2 SNKPH  |9 70191 
752 |d Žilina 
919 |a 80-7100-507-X 
958 |a TL 
958 |a NB 
958 |a UV 
999 |c 804792  |d 806722 
952 |t P60, <03>, [BOOK], {603}  |a SNK  |b SNK  |y PREZ  |7 0  |p 17A0141468  |o snkSC 95996  |i snkKSP 5889/98  |0 0  |1 0  |4 0  |d 1998-06-08  |f 1  |l 0  |r 2025-09-16 00:00:00  |w 2026-02-24 
952 |t P60, <04>, [BOOK], {604}  |a SNK  |b SNK  |y VYP  |7 0  |p 17A0141467  |o snkSC 95996 D1  |i snkKSP 5890/98  |0 0  |1 0  |4 0  |d 1998-06-08  |l 0  |r 2005-01-02 00:00:00  |w 2026-02-24